Statistieken voor Landen waar Mensen van Hetzelfde Geslacht Mogen Trouwen

Klik hier om de quiz te nemen!

Algemene statistieken

  • Deze quiz is 1.141 keer genomen
  • De gemiddelde score is 23 van 31

Antwoordstatistieken

JaarLand% Correct
2003België
99%
2001Nederland
99%
2015Verenigde Staten
97%
2005Spanje
95%
2013Frankrijk
94%
2017Duitsland
93%
2009Zweden
93%
2009Noorwegen
92%
2017Finland
91%
2010Portugal
91%
2005Canada
90%
2020Verenigd Koninkrijk
90%
2019Oostenrijk
85%
2015Luxemburg
84%
2022Zwitserland
84%
2012Denemarken
81%
2017Australië
80%
2015Ierland
80%
2013Brazilië
74%
2013Nieuw-Zeeland
74%
2010IJsland
71%
2010Argentinië
70%
2022Chili
59%
2006Zuid-Afrika
59%
2022Slovenië
54%
2016Colombia
51%
2017Malta
49%
2013Uruguay
44%
2019Ecuador
40%
2020Costa Rica
27%
2019Taiwan
23%

Scoreverdeling

Percentiel versus Aantal Correcte Antwoorden

Procent van Mensen met Elke Score

Uw Scoregeschiedenis

U heeft deze quiz nog niet genomen